01480 a2200241 4500003000500000005001700005010001600022020001500038040000900053082001500062100002200077245005100099250001200150260005500162300003300217505066600250650002300916650002000939942001200959999001900971952012400990952012401114Nust20251111143205.0 a 96002345 a8120312376 cNust00a629.83,OGA1 aOgata, Katsuhiko.10aModern control engineering /cKatsuhiko Ogata. a3rd ed. aUpper Saddle River, N.J. :bPrentice Hall,cc1997. axi, 997 p. :bill. ;c24 cm. aIntroduction to Control Systems (Page-1), The Laplace Transform (Page-13), Mathematical Modeling of Dynamic Systems (Page-57), Transient-Response Analysis (Page-134), Basic Control Actions and Response of Control Systems (Page-211), Root-Locus Analysis (Page-317), Control Systems Design by The Root-Locus Method (Page-404), Frequency Response Analysis (Page-471), Control Systems Design by Frequency Response (Page-609), PID Controls and Introduction to Robust Control (Page-669), Analysis of Control Systems in State Space (Page-710), Design of Control Systems in State Space (Page-786), Liapunove Stability Analysis and Quadratic Optimal Control (Page-896). 0aAutomatic control. 0aControl theory. 2ddccBK c189077d189077 00102ddc4070aMCSbMCScGENd2016-12-12o629.83,OGApMCS27403r2016-12-08w2016-12-12yBKzAlmirah No.41, Shelf No.6 00102ddc4070aMCSbMCScGENd2023-01-02o629.83,OGApMCS27319r2023-01-02w2023-01-02yBKzAlmirah No.41, Shelf No.6